000 00639nas a2200217 i 4500
001 2541
003 ES-MaACL
005 20250729062616.0
007 t|
008 950801c1947 xxk | | 1 ||ng d
245 0 4 _aThe year book of world affairs /
_cpublished of The London Institute of World Affairs.
250 _a[First published].
260 _aLondon :
_bStvens and Sons,
_c1947- (
_fThe Eastern Press)
300 _a1 v. ;
_c26 cm.
362 0 _a1947-
650 7 _aPolĂ­tica
_2embne
_9140345
710 2 _aLondon Institute of World Affairs.
_95551
852 _aES-MaACL
_jC-4462
866 0 _o1947.
999 _c2541
_d2541